00819nam a2200145 a 450000100080000000500110000800800410001910000230006024500310008326000330011430000100014752004970015765000100065465300090066415001742024-09-02 1996 bl uuuu 00u1 u #d1 aMESQUITA, C. C. de aO clima do Estado do Acre. aRio Branco, AC: SECTMAc1996 a53 p. aIntrodução; Revisão Bibliográfica; Método; Material; Circulação geral da atmosfera e seus efeitos regionais; Os sistemas atmosféricos; Balanço anual e sazonal dos índices da participação dos sistemas atmosféricos; O encadeamento diário dos sistemas atmosféricos -análise episódica; Os elementos climático; Pluviosidade; Temperatura; Umidade relativa do ar; Pressão atmosférica; Tentativa da classificação climática; Considerações finais; Referências bibliográficas. aClima aAcre